000 00919nam a2200265Ia 4500
001 21789
005 20260320113312.0
008 260320s9999||||xx |||||||||||||| ||und||
020 _a9789972877162
041 _aESP
082 _a359.0092
_bO74
100 _aOrtíz Sotelo, Jorge,
_eAUT
245 0 _aEl almirante José Pascual de Vivero, de súbdito a ciudadano
_b
246 _a
_5
_b
250 _aSegunda edición
260 _aLima :
_bAsociación de Historia Marítima y Naval Iberoamericana,
_c2023
300 _a204 páginas :
_bilustraciones ;
_c21 cm.
_e
440 _a
_n
_v
650 _aCIS
653 _aJosé Pascual de Vivero, 1792-1834; Almirantes - Perú - Historia - Siglo XIX; Perú - Historia - Guerra de Independencia, 1820-1829
654 _aCAN
700 _a
_c
856 _uhttps://www-jstor-org.ucsp.lookproxy.com/
_zVéase además: Base de datos JSTOR
942 _cLIB
_dJUS
_fMAT
_2ddc
_n
999 _c21789
_d21789